Taping Techniques (Record no. 7888)
[ view plain ]
| 000 -LEADER | |
|---|---|
| fixed length control field | 00378nam a2200157Ia 4500 |
| 008 - FIXED-LENGTH DATA ELEMENTS--GENERAL INFORMATION | |
| fixed length control field | 230312s9999||||xx |||||||||||||| ||und|| |
| 020 ## - INTERNATIONAL STANDARD BOOK NUMBER | |
| International Standard Book Number | 0-7020-3027-7 |
| 082 ## - DEWEY DECIMAL CLASSIFICATION NUMBER | |
| Classification number | 617.17 |
| Item number | MAC-T |
| 100 ## - MAIN ENTRY--PERSONAL NAME | |
| Personal name | Macdonald;Rose |
| 245 #0 - TITLE STATEMENT | |
| Title | Taping Techniques |
| 260 ## - PUBLICATION, DISTRIBUTION, ETC. | |
| Name of publisher, distributor, etc. | Elsevier |
| Place of publication, distribution, etc. | China |
| Date of publication, distribution, etc. | 2010 |
| 300 ## - PHYSICAL DESCRIPTION | |
| Extent | 235 |
| 546 ## - LANGUAGE NOTE | |
| Language note | Eng. |
| 650 ## - SUBJECT ADDED ENTRY--TOPICAL TERM | |
| Topical term or geographic name entry element | Physiotherapy |
| Form subdivision | Taping Techniques |
| 942 ## - ADDED ENTRY ELEMENTS (KOHA) | |
| Koha item type | BOOK |
| Withdrawn status | Lost status | Damaged status | Not for loan | Home library | Current library | Date acquired | Total Checkouts | Full call number | Barcode | Date last seen | Price effective from | Koha item type |
|---|---|---|---|---|---|---|---|---|---|---|---|---|
| Superior Information Resource Center (SIRC) Superior University- Main Campus | Superior Information Resource Center (SIRC) Superior University- Main Campus | 03/13/2023 | 617.17 MAC-T | 7995 | 03/13/2023 | 03/13/2023 | BOOK |
